La capacitación de comunicadores radiofónicos populares, un rubro apasionante dentro de la educacion popular (Record no. 71126)
[ view plain ]
| 000 -CABECERA | |
|---|---|
| campo de control de longitud fija | 00599nam a2200205 a 4500 |
| 005 - FECHA Y HORA DE LA ÚLTIMA TRANSACCIÓN | |
| campo de control | 20210219153216.0 |
| 008 - ELEMENTOS DE LONGITUD FIJA--INFORMACIÓN GENERAL | |
| campo de control de longitud fija | 991125n 000 0 spa u |
| 035 ## - NÚMERO DE CONTROL DEL SISTEMA | |
| Número de control de sistema | UPN01000084278 |
| 100 ## - ASIENTO PRINCIPAL--NOMBRE PERSONAL | |
| Nombre de persona | GUTIERREZ, Guillermo |
| 222 ## - TÍTULO CLAVE | |
| Título clave | EDUCACION DE ADULTOS Y DESARROLLO |
| 245 ## - MENCIÓN DE TÍTULO | |
| Título | La capacitación de comunicadores radiofónicos populares, un rubro apasionante dentro de la educacion popular |
| 300 ## - DESCRIPCIÓN FÍSICA | |
| Extensión | 321-341 |
| 362 ## - FECHAS DE PUBLICACIÓN Y/O DESIGNACIÓN SECUENCIAL | |
| Fecha de publicación y/o designación secuencial | 1996 (47) |
| 653 0# - TERMINO DE INDIZACION - NO CONTROLADO | |
| Término no controlado | CAPACITACION |
| 653 0# - TERMINO DE INDIZACION - NO CONTROLADO | |
| Término no controlado | COMUNICADORES |
| 653 0# - TERMINO DE INDIZACION - NO CONTROLADO | |
| Término no controlado | EDUCACION POPULAR |
| 653 0# - TERMINO DE INDIZACION - NO CONTROLADO | |
| Término no controlado | RADIO |
| 904 ## - ELEMENTOS DE DATOS D LOCAL, LDD (RLIN) | |
| a | AC |
| b | 022089 |
| 905 ## - TIPO DE MATERIAL | |
| Tipo de material | Articulo |
No items available.
